[Event "2. BUNDESLIGA MITTE 2019/2020"]
[Site "St. Veit"]
[Date "2020.01.11"]
[Round "8"]
[Board "2"]
[White "Szotkowski, Jakub"]
[Black "Ly, Dominik"]
[Result "1-0"]
[WhiteElo "2382"]
[BlackElo "2228"]
[PlyCount "105"]
[EventDate "2019.10.11"]
[EventType "team"]
[EventRounds "11"]
[EventCountry "AUT"]
[WhiteTeam "SV Steyregg"]
[BlackTeam "SPG Freistadt/Wartberg"]

1. d4 d5 2. c4 c6 3. Nf3 Nf6 4. Nc3 e6 5. Bg5 dxc4 6. e4 b5 7. e5 h6 8. Bh4 g5
9. Nxg5 hxg5 10. Bxg5 Nbd7 11. exf6 Bb7 12. Be2 Qb6 13. O-O O-O-O 14. Bf3 c5
15. Bxb7+ Qxb7 16. Re1 cxd4 17. Qxd4 Nc5 18. Qg4 Bd6 19. h4 Nd3 20. Re2 Be5 21.
a4 Rd4 22. Re4 Rxe4 23. Nxe4 Rd8 24. axb5 Bxb2 25. Ra6 Be5 26. Rc6+ Kb8 27.
Rxc4 Qxb5 28. Nd2 a5 29. Be3 Bxf6 30. Qf3 Qb2 31. Qc6 Qb7 32. Qxb7+ Kxb7 33.
Nb3 Rd5 34. g3 Nb2 35. Rf4 Bc3 36. Rxf7+ Kc6 37. Nxa5+ Rxa5 38. Kg2 Nd1 39. Ba7
Bb4 40. Kf3 Kd6 41. Kg4 Bc5 42. Bxc5+ Rxc5 43. h5 Rc2 44. f3 Rg2 45. Kh3 Ne3
46. g4 Rg1 47. Kh4 e5 48. h6 Ke6 49. Rf8 Ke7 50. Ra8 e4 51. fxe4 Rxg4+ 52. Kh3
Kf6 53. h7  1-0

[Event "2. BUNDESLIGA MITTE 2019/2020"]
[Site "St. Veit"]
[Date "2020.01.11"]
[Round "8"]
[Board "3"]
[White "Mayerhofer, Peter"]
[Black "Meyer, Gordon"]
[Result "0-1"]
[WhiteElo "2174"]
[BlackElo "2211"]
[PlyCount "90"]
[EventDate "2019.10.11"]
[EventType "team"]
[EventRounds "11"]
[EventCountry "AUT"]
[WhiteTeam "SPG Freistadt/Wartberg"]
[BlackTeam "SV Steyregg"]

1. e4 c5 2. d4 cxd4 3. c3 Nf6 4. e5 Nd5 5. Nf3 Nc6 6. Bc4 Nb6 7. Bb3 g6 8. O-O
Bg7 9. cxd4 O-O 10. Bf4 d5 11. exd6 Bg4 12. dxe7 Qxe7 13. Be3 Rad8 14. h3 Bxf3
15. Qxf3 Nxd4 16. Bxd4 Rxd4 17. Nc3 Nc4 18. Qe2 Qxe2 19. Nxe2 Re4 20. Nc3 Bxc3
21. bxc3 Rc8 22. Rfe1 Rxe1+ 23. Rxe1 Kf8 24. Rd1 Ke7 25. Kf1 Nd6 26. Rd3 Ne4
27. Bd5 Nxc3 28. Bxb7 Rc7 29. Bd5 Nxd5 30. Rxd5 Rc1+ 31. Ke2 Rc2+ 32. Rd2 Rxd2+
33. Kxd2 Kd6 34. Kc2 Kc5 35. Kc3 g5 36. g3 h5 37. f3 a5 38. h4 gxh4 39. gxh4
Kd5 40. Kd3 Ke5 41. Ke3 Kf5 42. a4 Ke5 43. Kd3 Kd5 44. Ke3 Kc4 45. Kf4 Kb4  0-1

[Event "2. BUNDESLIGA MITTE 2019/2020"]
[Site "St. Veit"]
[Date "2020.01.11"]
[Round "8"]
[Board "4"]
[White "Enoeckl, Philipp"]
[Black "Koller, Hans-Juergen"]
[Result "1/2-1/2"]
[WhiteElo "2283"]
[BlackElo "2173"]
[PlyCount "96"]
[EventDate "2019.10.11"]
[EventType "team"]
[EventRounds "11"]
[EventCountry "AUT"]
[WhiteTeam "SV Steyregg"]
[BlackTeam "SPG Freistadt/Wartberg"]

1. d4 d6 2. Nf3 Nf6 3. c4 Nbd7 4. Nc3 e5 5. g3 Be7 6. Bg2 O-O 7. O-O c6 8. h3
Re8 9. e4 a6 10. Be3 b5 11. cxb5 cxb5 12. a3 Bb7 13. d5 Qb8 14. b4 Bd8 15. a4
bxa4 16. Nd2 a5 17. b5 Bb6 18. Qe2 Bd4 19. Ra3 Nb6 20. Nxa4 Nxa4 21. Rxa4 Bxe3
22. Qxe3 Bc8 23. Rb1 Nd7 24. Nc4 Nc5 25. Rxa5 Rxa5 26. Nxa5 Bd7 27. Nc4 f5 28.
f3 Rf8 29. Nxe5 Qe8 30. Nc4 Qg6 31. Kh2 h5 32. b6 Bc8 33. Na5 Rf7 34. Re1 fxe4
35. fxe4 Re7 36. Nc6 Re8 37. e5 Ba6 38. e6 h4 39. gxh4 Nd3 40. Be4 Qf6 41. Bxd3
Bxd3 42. Qxd3 Qf2+ 43. Kh1 Qxe1+ 44. Kg2 Ra8 45. Ne7+ Kh8 46. Ng6+ Kg8 47. Ne7+
Kh8 48. Ng6+ Kg8  1/2-1/2

[Event "2. BUNDESLIGA MITTE 2019/2020"]
[Site "St. Veit"]
[Date "2020.01.11"]
[Round "8"]
[Board "5"]
[White "Postlmayer, Jakob"]
[Black "Wiesinger, Robert"]
[Result "1/2-1/2"]
[WhiteElo "2204"]
[BlackElo "2230"]
[PlyCount "100"]
[EventDate "2019.10.11"]
[EventType "team"]
[EventRounds "11"]
[EventCountry "AUT"]
[WhiteTeam "SPG Freistadt/Wartberg"]
[BlackTeam "SV Steyregg"]

1. e4 e5 2. Nf3 Nc6 3. Bb5 a6 4. Ba4 Nf6 5. O-O Be7 6. Re1 b5 7. Bb3 d6 8. c3
O-O 9. h3 Bb7 10. d4 Re8 11. Nbd2 Bf8 12. a3 g6 13. Ba2 Bg7 14. b4 Qd7 15. Bb2
a5 16. dxe5 Nxe5 17. Nxe5 Rxe5 18. c4 Re7 19. Qf3 Ne8 20. Bxg7 Nxg7 21. Rab1
axb4 22. Rxb4 c5 23. Rxb5 Ne6 24. Rb6 Qc7 25. Qb3 Nd4 26. Qb2 Bc6 27. Bb1 Qd8
28. Bd3 Rea7 29. Ra1 Qf6 30. Ra2 Ra6 31. Rxa6 Rxa6 32. Qb8+ Kg7 33. Qc8 Ra7 34.
Qg4 Ba4 35. Qg3 Rb7 36. Kh1 h5 37. e5 dxe5 38. Ne4 Qe7 39. Nc3 Bc6 40. Be4 Bxe4
41. Nxe4 f5 42. Nc3 h4 43. Qe3 Rb3 44. Nd5 Rxe3 45. Nxe7 Re1+ 46. Kh2 Kf7 47.
Nd5 Nc6 48. Rb2 Na5 49. Rb5 Nxc4 50. a4 Ra1  1/2-1/2

[Event "2. BUNDESLIGA MITTE 2019/2020"]
[Site "St. Veit"]
[Date "2020.01.11"]
[Round "8"]
[Board "6"]
[White "Stolz, Julius"]
[Black "Rechberger, Franz"]
[Result "1/2-1/2"]
[WhiteElo "2130"]
[BlackElo "2117"]
[PlyCount "47"]
[EventDate "2019.10.11"]
[EventType "team"]
[EventRounds "11"]
[EventCountry "AUT"]
[WhiteTeam "SV Steyregg"]
[BlackTeam "SPG Freistadt/Wartberg"]

1. e4 c6 2. d4 d5 3. exd5 cxd5 4. Bd3 Nc6 5. c3 Nf6 6. Bf4 g6 7. Nf3 Nh5 8. Bg5
Qd6 9. O-O Bg7 10. Re1 O-O 11. Nbd2 f6 12. Bh4 e5 13. dxe5 fxe5 14. Bb5 Qc5 15.
Bxc6 bxc6 16. Nxe5 a5 17. Ndf3 a4 18. Qd4 Qd6 19. c4 Rf4 20. c5 Qc7 21. Qc3 Rc4
22. Qe3 Re4 23. Qc3 Rc4 24. Qe3  1/2-1/2

[Event "2. BUNDESLIGA MITTE 2019/2020"]
[Site "St. Veit"]
[Date "2020.01.12"]
[Round "9"]
[Board "1"]
[White "Velicka, Petr"]
[Black "Mostbauer, Maximilian"]
[Result "1-0"]
[WhiteElo "2426"]
[BlackElo "2225"]
[PlyCount "79"]
[EventDate "2019.10.11"]
[EventType "team"]
[EventRounds "11"]
[EventCountry "AUT"]
[WhiteTeam "SV Steyregg"]
[BlackTeam "SPG Nettingsdorf/Traun"]

1. Nf3 Nf6 2. c4 g6 3. Nc3 Bg7 4. e4 d6 5. d4 O-O 6. Be2 e5 7. dxe5 dxe5 8.
Qxd8 Rxd8 9. Bg5 Re8 10. Nd5 Nxd5 11. cxd5 c6 12. Bc4 cxd5 13. Bxd5 Nc6 14.
Bxc6 bxc6 15. O-O f5 16. Bd2 fxe4 17. Ng5 e3 18. fxe3 e4 19. Bc3 h6 20. Bxg7
Kxg7 21. Nf7 Ba6 22. Nd6 Bxf1 23. Nxe8+ Rxe8 24. Kxf1 Rd8 25. Ke2 Rd5 26. Rc1
Ra5 27. a3 Rb5 28. b4 a5 29. Rc4 axb4 30. Rxb4 Re5 31. Rc4 Kf6 32. Rxc6+ Kf5
33. a4 Rd5 34. Rc3 Ke5 35. Rb3 Rd8 36. a5 Rc8 37. Rb5+ Ke6 38. Rb6+ Kf5 39. Rb2
Ra8 40. Rb5+  1-0

[Event "2. BUNDESLIGA MITTE 2019/2020"]
[Site "St. Veit"]
[Date "2020.01.12"]
[Round "9"]
[Board "2"]
[White "Gelbenegger, Patrick"]
[Black "Szotkowski, Jakub"]
[Result "0-1"]
[WhiteElo "2259"]
[BlackElo "2382"]
[PlyCount "92"]
[EventDate "2019.10.11"]
[EventType "team"]
[EventRounds "11"]
[EventCountry "AUT"]
[WhiteTeam "SPG Nettingsdorf/Traun"]
[BlackTeam "SV Steyregg"]

1. e4 c6 2. d4 d5 3. exd5 cxd5 4. Bd3 Nc6 5. c3 Qc7 6. Nd2 Nf6 7. h3 g6 8. Ne2
Bf5 9. Bxf5 gxf5 10. Nf3 e6 11. Bf4 Bd6 12. Bxd6 Qxd6 13. Qd2 Ne4 14. Qf4 O-O-O
15. Qxd6 Rxd6 16. Ne5 Nxe5 17. dxe5 Rb6 18. f3 Nc5 19. O-O-O Nd7 20. f4 h5 21.
g4 hxg4 22. hxg4 Rxh1 23. Rxh1 fxg4 24. Rh8+ Kc7 25. Rh7 f5 26. exf6 Kd6 27.
Rh6 e5 28. fxe5+ Kxe5 29. Rh5+ Ke4 30. Ng3+ Kf3 31. Rxd5 Nxf6 32. Rd3+ Kf2 33.
b4 Re6 34. a4 Re3 35. Rxe3 Kxe3 36. Kc2 Kf2 37. Nf5 g3 38. Nh4 g2 39. Nxg2 Kxg2
40. Kd3 Kf3 41. a5 Kf4 42. Kd4 Kf5 43. Kc5 Ke5 44. a6 Ne4+ 45. Kb5 Nxc3+ 46.
Kc4 b6  0-1

[Event "2. BUNDESLIGA MITTE 2019/2020"]
[Site "St. Veit"]
[Date "2020.01.12"]
[Round "9"]
[Board "3"]
[White "Meyer, Gordon"]
[Black "Gaertner, Markus"]
[Result "1-0"]
[WhiteElo "2211"]
[BlackElo "2139"]
[PlyCount "57"]
[EventDate "2019.10.11"]
[EventType "team"]
[EventRounds "11"]
[EventCountry "AUT"]
[WhiteTeam "SV Steyregg"]
[BlackTeam "SPG Nettingsdorf/Traun"]

1. e4 e5 2. Bc4 Nf6 3. d3 c6 4. Nf3 d5 5. Bb3 Bd6 6. exd5 cxd5 7. Bg5 Bg4 8. h3
Bh5 9. Nc3 Bb4 10. O-O Bxc3 11. bxc3 h6 12. Bxf6 gxf6 13. Qe2 Nc6 14. Qe3 Qd7
15. Ba4 Rg8 16. Bxc6 Qxc6 17. Nxe5 Qxc3 18. Nc6+ Kd7 19. Nd4 Rg5 20. Rab1 Re5
21. Qf4 b6 22. Rb3 Qc5 23. Qxf6 Rae8 24. Qf4 Qd6 25. Nb5 Qg6 26. d4 Rg8 27. Rg3
Rg5 28. Rxg5 Qxg5 29. Qd6+  1-0

[Event "2. BUNDESLIGA MITTE 2019/2020"]
[Site "St. Veit"]
[Date "2020.01.12"]
[Round "9"]
[Board "4"]
[White "Schloffer, Jasmin-Denise"]
[Black "Enoeckl, Philipp"]
[Result "0-1"]
[WhiteElo "2084"]
[BlackElo "2283"]
[PlyCount "120"]
[EventDate "2019.10.11"]
[EventType "team"]
[EventRounds "11"]
[EventCountry "AUT"]
[WhiteTeam "SPG Nettingsdorf/Traun"]
[BlackTeam "SV Steyregg"]

1. d4 g6 2. c4 Bg7 3. Nc3 d6 4. e4 e5 5. d5 a5 6. Be2 Na6 7. Be3 Nc5 8. g4 Bh6
9. Qd2 Bxe3 10. Qxe3 h6 11. h4 Nf6 12. f3 h5 13. g5 Nh7 14. O-O-O f6 15. gxf6
Qxf6 16. Nb5 Kd8 17. Nh3 Rf8 18. Rdg1 Bxh3 19. Rxh3 Rf7 20. Rhg3 Nf8 21. Kc2
Qf4 22. Qxf4 Rxf4 23. Rh1 Kd7 24. Bf1 c6 25. Bh3+ Ke7 26. dxc6 bxc6 27. Nc3
Rxh4 28. Rb1 Rb8 29. b3 g5 30. a3 Nfe6 31. b4 Nd4+ 32. Kd1 axb4 33. axb4 Nd3
34. Bg2 Rxb4 35. Rxb4 Nxb4 36. Rxg5 Ne6 37. Rg3 Nd3 38. Ne2 Nb2+ 39. Kc2 Nxc4
40. Kd3 Nb2+ 41. Kc2 Na4 42. Kd2 Nac5 43. Rg8 Rh2 44. Ke3 Kf7 45. Rg3 Rh4 46.
Bh3 Nf4 47. Bf5 Nce6 48. Bxe6+ Kxe6 49. Rg8 Nxe2 50. Kxe2 d5 51. Rg6+ Kd7 52.
exd5 cxd5 53. Rh6 Rh2+ 54. Ke3 Ke7 55. Kd3 h4 56. Ke3 d4+ 57. Kd3 Rf2 58. Ke4
Re2+ 59. Kf5 d3 60. Rh7+ Kd6  0-1

[Event "2. BUNDESLIGA MITTE 2019/2020"]
[Site "St. Veit"]
[Date "2020.01.12"]
[Round "9"]
[Board "5"]
[White "Wiesinger, Robert"]
[Black "Ehs, Dominik"]
[Result "1-0"]
[WhiteElo "2230"]
[BlackElo "2087"]
[PlyCount "71"]
[EventDate "2019.10.11"]
[EventType "team"]
[EventRounds "11"]
[EventCountry "AUT"]
[WhiteTeam "SV Steyregg"]
[BlackTeam "SPG Nettingsdorf/Traun"]

1. e4 c5 2. Nf3 e6 3. d4 cxd4 4. Nxd4 Nc6 5. Nc3 Qc7 6. Be3 a6 7. Qd2 Nf6 8.
O-O-O Bb4 9. f3 Ne5 10. Nb3 b5 11. a3 Nc4 12. Bxc4 bxc4 13. axb4 cxb3 14. Bc5
bxc2 15. Kxc2 Bb7 16. Bd6 Qc4 17. Kb1 a5 18. b5 a4 19. g4 a3 20. Bxa3 Rxa3 21.
bxa3 O-O 22. g5 Ne8 23. Kb2 d5 24. e5 Qc7 25. Qd4 Qe7 26. a4 Nc7 27. Ra1 Rc8
28. Rhc1 Qxg5 29. f4 Qg2+ 30. Rc2 Qf3 31. Nd1 Ne8 32. Rxc8 Bxc8 33. Qc3 Qe4 34.
Qxc8 Qb4+ 35. Kc2 Qe4+ 36. Kb3  1-0

[Event "2. BUNDESLIGA MITTE 2019/2020"]
[Site "St. Veit"]
[Date "2020.01.12"]
[Round "9"]
[Board "6"]
[White "Charaus, Florian"]
[Black "Stolz, Julius"]
[Result "1/2-1/2"]
[WhiteElo "2039"]
[BlackElo "2130"]
[PlyCount "60"]
[EventDate "2019.10.11"]
[EventType "team"]
[EventRounds "11"]
[EventCountry "AUT"]
[WhiteTeam "SPG Nettingsdorf/Traun"]
[BlackTeam "SV Steyregg"]

1. d4 Nf6 2. Nc3 d5 3. Bf4 Bf5 4. e3 a6 5. f3 e6 6. g4 Bg6 7. h4 h6 8. Bd3 Bxd3
9. Qxd3 Bd6 10. Nge2 Nbd7 11. O-O-O Qe7 12. g5 Nh5 13. Bxd6 Qxd6 14. f4 g6 15.
Kb1 O-O-O 16. e4 dxe4 17. Nxe4 Qe7 18. Qf3 Nb6 19. Rd3 Qd7 20. Rc1 c6 21. c4
Qc7 22. Rb3 Ng7 23. Nc5 Nf5 24. Qc3 Nd6 25. Qb4 Nd7 26. Nxd7 Rxd7 27. d5 c5 28.
Qc3 Rdd8 29. dxe6 fxe6 30. Qf6 Qf7  1/2-1/2

[Event "2. BUNDESLIGA MITTE 2019/2020"]
[Site "St. Veit"]
[Date "2020.01.12"]
[Round "9"]
[Board "1"]
[White "Schmidt, Peter"]
[Black "Leisch, Lukas"]
[Result "1/2-1/2"]
[WhiteElo "2396"]
[BlackElo "2340"]
[PlyCount "83"]
[EventDate "2019.10.11"]
[EventType "team"]
[EventRounds "11"]
[EventCountry "AUT"]
[WhiteTeam "SPG Sauwald"]
[BlackTeam "SPG Freistadt/Wartberg"]

1. d4 d5 2. Nf3 Nf6 3. g3 c5 4. Bg2 cxd4 5. O-O h6 6. b3 Bg4 7. Ne5 Nc6 8. Nxg4
Nxg4 9. e4 Nf6 10. exd5 Nxd5 11. c4 Nc7 12. b4 a6 13. Re1 g6 14. b5 axb5 15.
cxb5 Nxb5 16. Qb3 Nd6 17. Ba3 Bg7 18. Bxd6 Qxd6 19. Qxb7 O-O 20. Qxc6 Qxc6 21.
Bxc6 Rac8 22. Ba4 d3 23. Nd2 Bxa1 24. Rxa1 Rfd8 25. Kf1 e5 26. Bb3 Kg7 27. f3
f5 28. Kf2 Kf6 29. Ke3 h5 30. h3 g5 31. a4 f4+ 32. Kf2 fxg3+ 33. Kxg3 Kf5 34.
a5 Rc2 35. Bxc2 dxc2 36. Nc4 h4+ 37. Kf2 Kf4 38. Ke2 Rc8 39. Kd3 Kxf3 40. Rc1
e4+ 41. Kd4 Rd8+ 42. Ke5  1/2-1/2

[Event "2. BUNDESLIGA MITTE 2019/2020"]
[Site "St. Veit"]
[Date "2020.01.12"]
[Round "9"]
[Board "2"]
[White "Ly, Dominik"]
[Black "Renner, Christoph"]
[Result "1-0"]
[WhiteElo "2228"]
[BlackElo "2311"]
[PlyCount "69"]
[EventDate "2019.10.11"]
[EventType "team"]
[EventRounds "11"]
[EventCountry "AUT"]
[WhiteTeam "SPG Freistadt/Wartberg"]
[BlackTeam "SPG Sauwald"]

1. Nf3 f5 2. d4 Nf6 3. Bf4 d6 4. Nc3 g6 5. Qd3 Bg7 6. e4 O-O 7. O-O-O Nc6 8.
Qc4+ Kh8 9. exf5 Bxf5 10. Ng5 Nh5 11. Be3 e5 12. d5 Nd4 13. Bd3 Bd7 14. Bxd4
exd4 15. Nce4 c6 16. dxc6 Bxc6 17. Nf7+ Rxf7 18. Qxf7 Qa5 19. a3 Rf8 20. Qb3 d5
21. Ng3 Nf4 22. h4 Rc8 23. Kb1 Ba4 24. Qxb7 Qc5 25. Rc1 Be5 26. Qb4 Qc6 27. h5
Rb8 28. Qe7 Bf6 29. Qf7 Qb6 30. b4 Qe6 31. Qxa7 Qd6 32. Qxa4 g5 33. Rhe1 Ne6
34. Nf5 Qb6 35. Qa6  1-0

[Event "2. BUNDESLIGA MITTE 2019/2020"]
[Site "St. Veit"]
[Date "2020.01.12"]
[Round "9"]
[Board "3"]
[White "Testor, Sebastian"]
[Black "Mayerhofer, Peter"]
[Result "1/2-1/2"]
[WhiteElo "2332"]
[BlackElo "2174"]
[PlyCount "75"]
[EventDate "2019.10.11"]
[EventType "team"]
[EventRounds "11"]
[EventCountry "AUT"]
[WhiteTeam "SPG Sauwald"]
[BlackTeam "SPG Freistadt/Wartberg"]

1. d4 d5 2. Nf3 Nf6 3. c4 e6 4. Nc3 c5 5. cxd5 Nxd5 6. a3 cxd4 7. Nxd5 Qxd5 8.
Qxd4 Qxd4 9. Nxd4 a6 10. g3 e5 11. Nf3 Nc6 12. Be3 Be7 13. Bg2 f6 14. Rc1 Be6
15. Nd2 Rc8 16. O-O Kf7 17. Bb6 Bd8 18. Bc5 Be7 19. Bb6 Bd8 20. Bc5 Be7 21.
Bxe7 Kxe7 22. Bxc6 Rxc6 23. Rxc6 bxc6 24. Rc1 Rd8 25. Nc4 Rd4 26. Ne3 Rd2 27.
Rc2 Rxc2 28. Nxc2 a5 29. Kf1 Kd6 30. Ke1 Kc5 31. Kd2 Kc4 32. Kc1 c5 33. Ne3+
Kd4 34. Nc2+ Kc4 35. Ne3+ Kd4 36. Nc2+ Kc4 37. Ne3+ Kd4 38. Nc2+  1/2-1/2

[Event "2. BUNDESLIGA MITTE 2019/2020"]
[Site "St. Veit"]
[Date "2020.01.12"]
[Round "9"]
[Board "4"]
[White "Koller, Hans-Juergen"]
[Black "Taggatz, Mario"]
[Result "1-0"]
[WhiteElo "2173"]
[BlackElo "2207"]
[PlyCount "57"]
[EventDate "2019.10.11"]
[EventType "team"]
[EventRounds "11"]
[EventCountry "AUT"]
[WhiteTeam "SPG Freistadt/Wartberg"]
[BlackTeam "SPG Sauwald"]

1. Nf3 d5 2. c4 dxc4 3. e3 Be6 4. Ng5 Bd7 5. Bxc4 e6 6. Nf3 c5 7. O-O Nc6 8. d4
Nf6 9. Nc3 cxd4 10. exd4 Be7 11. Bf4 O-O 12. a3 Rc8 13. Qe2 Qa5 14. Rfd1 Qf5
15. Be5 Rfd8 16. Ba2 Be8 17. Rac1 Nxe5 18. dxe5 Rxd1+ 19. Rxd1 Nd7 20. Bb1 Qh5
21. Rd4 Rc5 22. g4 Qh6 23. Kg2 Qc1 24. Rxd7 Bxd7 25. Qd3 f5 26. Qxd7 fxg4 27.
Nd4 Bf8 28. Qxe6+ Kh8 29. Qf5  1-0

[Event "2. BUNDESLIGA MITTE 2019/2020"]
[Site "St. Veit"]
[Date "2020.01.12"]
[Round "9"]
[Board "5"]
[White "Hiermann, Dietmar"]
[Black "Postlmayer, Jakob"]
[Result "1/2-1/2"]
[WhiteElo "2239"]
[BlackElo "2204"]
[PlyCount "60"]
[EventDate "2019.10.11"]
[EventType "team"]
[EventRounds "11"]
[EventCountry "AUT"]
[WhiteTeam "SPG Sauwald"]
[BlackTeam "SPG Freistadt/Wartberg"]

1. e4 c6 2. Nc3 d5 3. Nf3 dxe4 4. Nxe4 Nf6 5. Ng3 Bg4 6. Be2 e6 7. h3 Bxf3 8.
Bxf3 Nbd7 9. d4 Bd6 10. Ne4 Nxe4 11. Bxe4 Nf6 12. Bf3 Qc7 13. c3 Bf4 14. Bxf4
Qxf4 15. Qe2 O-O 16. O-O Rfd8 17. Rfd1 Qc7 18. g3 Rd7 19. Qe5 Rad8 20. Qxc7
Rxc7 21. Kf1 Kf8 22. Ke2 Ke7 23. Rd3 Rcd7 24. Rad1 Nd5 25. Bg2 Nb6 26. b3 a5
27. f4 Nd5 28. Bxd5 exd5 29. Re3+ Kf8 30. Kd3 Re8  1/2-1/2

[Event "2. BUNDESLIGA MITTE 2019/2020"]
[Site "St. Veit"]
[Date "2020.01.12"]
[Round "9"]
[Board "6"]
[White "Rechberger, Franz"]
[Black "Hellmayr, Alois"]
[Result "1/2-1/2"]
[WhiteElo "2117"]
[BlackElo "2242"]
[PlyCount "67"]
[EventDate "2019.10.11"]
[EventType "team"]
[EventRounds "11"]
[EventCountry "AUT"]
[WhiteTeam "SPG Freistadt/Wartberg"]
[BlackTeam "SPG Sauwald"]

1. e4 c5 2. Nf3 e6 3. d4 cxd4 4. Nxd4 Nc6 5. Nc3 Qc7 6. Be3 Nf6 7. Qd2 a6 8.
O-O-O b5 9. Nxc6 dxc6 10. Bf4 Qb6 11. f3 Be7 12. Be3 Qc7 13. g4 e5 14. g5 Nh5
15. h4 O-O 16. Qf2 Rb8 17. Bh3 Bxh3 18. Rxh3 Rfd8 19. Rhh1 Rxd1+ 20. Rxd1 Rd8
21. Rxd8+ Qxd8 22. Qh2 Bd6 23. Qh3 Kf8 24. Ne2 g6 25. Ng3 Nxg3 26. Qxg3 Qc7 27.
Qh3 Ke7 28. h5 Qa5 29. c3 Qxa2 30. Qc8 Qa1+ 31. Kc2 Qa4+ 32. Kc1 Qa1+ 33. Kc2
Qa4+ 34. Kc1  1/2-1/2

[Event "2. BUNDESLIGA MITTE 2019/2020"]
[Site "St. Veit"]
[Date "2020.01.12"]
[Round "9"]
[Board "1"]
[White "Rogic, Davor"]
[Black "Nagy, Gabor"]
[Result "1-0"]
[WhiteElo "2494"]
[BlackElo "2489"]
[PlyCount "77"]
[EventDate "2019.10.11"]
[EventType "team"]
[EventRounds "11"]
[EventCountry "AUT"]
[WhiteTeam "SV Aspernig Transporte St. Veit 2"]
[BlackTeam "SPG Fuerstenfeld/Hartberg 2"]

1. e4 e5 2. Nf3 Nc6 3. Bb5 a6 4. Ba4 d6 5. c3 Bd7 6. O-O g6 7. d4 Bg7 8. Bg5 f6
9. Be3 Nh6 10. c4 Ng4 11. Nc3 exd4 12. Bxd4 O-O 13. c5 Kh8 14. cxd6 b5 15. Bb3
Nxd4 16. Qxd4 f5 17. e5 Bc6 18. Bd5 Bxd5 19. Qxd5 b4 20. Na4 cxd6 21. exd6 Nf6
22. Qc6 Ne4 23. Rad1 Qf6 24. Nb6 Rad8 25. Nd7 Qxb2 26. Nxf8 Bxf8 27. d7 Bc5 28.
Nd2 Qc2 29. Qd5 Nxf2 30. Nb3 Ba7 31. Qe5+ Kg8 32. Qe6+ Kg7 33. Qe7+ Kh6 34.
Qh4+ Kg7 35. Qe7+ Kh6 36. Rd4 Ng4 37. Qh4+ Kg7 38. Qe7+ Kh6 39. Qxd8  1-0

[Event "2. BUNDESLIGA MITTE 2019/2020"]
[Site "St. Veit"]
[Date "2020.01.12"]
[Round "9"]
[Board "2"]
[White "Pilaj, Herwig"]
[Black "Drnovsek, Gal"]
[Result "0-1"]
[WhiteElo "2325"]
[BlackElo "2394"]
[PlyCount "82"]
[EventDate "2019.10.11"]
[EventType "team"]
[EventRounds "11"]
[EventCountry "AUT"]
[WhiteTeam "SPG Fuerstenfeld/Hartberg 2"]
[BlackTeam "SV Aspernig Transporte St. Veit 2"]

1. g3 d5 2. Nf3 Nf6 3. Bg2 c5 4. c4 dxc4 5. Qa4+ Bd7 6. Qxc4 e6 7. Ne5 Qc8 8.
O-O Nc6 9. Nxd7 Qxd7 10. Nc3 Be7 11. d3 Rc8 12. Qb3 O-O 13. Be3 b6 14. Qa4 Rfd8
15. Rfc1 Ne8 16. Ne4 f5 17. Ng5 h6 18. Nf3 Bf6 19. Rab1 Nd6 20. a3 e5 21. b4 b5
22. Qb3+ c4 23. dxc4 bxc4 24. Qa2 Kh8 25. Bc5 e4 26. Nd2 c3 27. Nf1 Nb7 28. Be3
Nd4 29. Bxd4 Bxd4 30. e3 Bf6 31. g4 Nd6 32. gxf5 Qxf5 33. Ng3 Qe5 34. Qc2 Nc4
35. Qxe4 Nd2 36. Qg6 Qg5 37. Qc2 Nxb1 38. Qxb1 Rd2 39. Ne4 c2 40. Qb3 Qd5 41.
Nxd2 Qxd2  0-1

[Event "2. BUNDESLIGA MITTE 2019/2020"]
[Site "St. Veit"]
[Date "2020.01.12"]
[Round "9"]
[Board "3"]
[White "Praznik, Niko"]
[Black "Kiss, Attila"]
[Result "1/2-1/2"]
[WhiteElo "2351"]
[BlackElo "2335"]
[PlyCount "54"]
[EventDate "2019.10.11"]
[EventType "team"]
[EventRounds "11"]
[EventCountry "AUT"]
[WhiteTeam "SV Aspernig Transporte St. Veit 2"]
[BlackTeam "SPG Fuerstenfeld/Hartberg 2"]

1. Nf3 d5 2. d4 Nf6 3. e3 b6 4. Nbd2 Bb7 5. Ne5 g6 6. Bd3 Bg7 7. O-O O-O 8. f4
c5 9. c3 Nbd7 10. Ndf3 Ne4 11. Bd2 Ndf6 12. Be1 Ne8 13. Nd2 N8d6 14. Qe2 f6 15.
Ng4 Qd7 16. Nf2 Nxd2 17. Bxd2 e5 18. dxe5 fxe5 19. fxe5 Bxe5 20. Ng4 Bg7 21.
Rxf8+ Rxf8 22. Rf1 Rxf1+ 23. Kxf1 Qe6 24. Nf2 Be5 25. Ng4 Bg7 26. Nf2 Be5 27.
Ng4 Bg7  1/2-1/2

[Event "2. BUNDESLIGA MITTE 2019/2020"]
[Site "St. Veit"]
[Date "2020.01.12"]
[Round "9"]
[Board "4"]
[White "Kuba, Guenter"]
[Black "Mazi, Leon"]
[Result "1/2-1/2"]
[WhiteElo "2338"]
[BlackElo "2326"]
[PlyCount "84"]
[EventDate "2019.10.11"]
[EventType "team"]
[EventRounds "11"]
[EventCountry "AUT"]
[WhiteTeam "SPG Fuerstenfeld/Hartberg 2"]
[BlackTeam "SV Aspernig Transporte St. Veit 2"]

1. e4 e5 2. Nf3 Nc6 3. Bc4 Bc5 4. O-O d6 5. c3 Nf6 6. d3 a6 7. a4 h6 8. b4 Ba7
9. Be3 O-O 10. Bxa7 Rxa7 11. Nbd2 Be6 12. Re1 Ra8 13. Qb3 Qd7 14. Bxe6 Qxe6 15.
Qxe6 fxe6 16. h3 Kf7 17. Kh2 g5 18. g3 Kg6 19. Kg2 Nd7 20. Rab1 b5 21. a5 Rab8
22. Rbc1 Rb7 23. Rc2 Ne7 24. d4 Nc6 25. Nb3 Rf6 26. dxe5 Ncxe5 27. Nxe5+ Nxe5
28. Rd1 Rb8 29. Nd4 Kf7 30. Ne2 Rg8 31. Nc1 Rf3 32. Nb3 Ke7 33. Nd4 Rf7 34. Nb3
Rgf8 35. Kg1 h5 36. Kg2 h4 37. Nd4 Kd7 38. Re2 Nc4 39. Rd3 Ne5 40. Rd1 Nc4 41.
Rd3 Ne5 42. Rd1 Nc4  1/2-1/2

[Event "2. BUNDESLIGA MITTE 2019/2020"]
[Site "St. Veit"]
[Date "2020.01.12"]
[Round "9"]
[Board "5"]
[White "Dietmayer-Kraeutler, Marco"]
[Black "Spindelboeck, Gernot"]
[Result "1/2-1/2"]
[WhiteElo "2342"]
[BlackElo "2227"]
[PlyCount "61"]
[EventDate "2019.10.11"]
[EventType "team"]
[EventRounds "11"]
[EventCountry "AUT"]
[WhiteTeam "SV Aspernig Transporte St. Veit 2"]
[BlackTeam "SPG Fuerstenfeld/Hartberg 2"]

1. d4 Nf6 2. Nf3 e6 3. Bg5 c5 4. e3 d5 5. c3 Be7 6. Nbd2 O-O 7. Bd3 Nbd7 8. O-O
b6 9. Ne5 Bb7 10. f4 Ne4 11. Bxe7 Qxe7 12. Qc2 Nxd2 13. Qxd2 f6 14. Nxd7 Qxd7
15. Qc2 f5 16. g4 c4 17. Be2 a5 18. b3 Rfc8 19. bxc4 dxc4 20. Bf3 Bxf3 21. Rxf3
b5 22. a3 Qd5 23. e4 fxe4 24. Re3 b4 25. Qxe4 Qxe4 26. Rxe4 bxc3 27. Rxe6 Rd8
28. Rc1 Rxd4 29. Rxc3 Rxf4 30. h3 Rb8 31. Rc6  1/2-1/2

[Event "2. BUNDESLIGA MITTE 2019/2020"]
[Site "St. Veit"]
[Date "2020.01.12"]
[Round "9"]
[Board "6"]
[White "Hatzl, Johannes"]
[Black "Hoelzl, Franz"]
[Result "1/2-1/2"]
[WhiteElo "2130"]
[BlackElo "2296"]
[PlyCount "117"]
[EventDate "2019.10.11"]
[EventType "team"]
[EventRounds "11"]
[EventCountry "AUT"]
[WhiteTeam "SPG Fuerstenfeld/Hartberg 2"]
[BlackTeam "SV Aspernig Transporte St. Veit 2"]

1. d4 d6 2. e4 Nf6 3. Nc3 Nbd7 4. Nf3 e5 5. Bc4 Be7 6. O-O O-O 7. a4 c6 8. Bb3
exd4 9. Nxd4 Nc5 10. Re1 Re8 11. Ba2 a5 12. f3 Qb6 13. Kh1 g6 14. Nb3 Na6 15.
Be3 Qc7 16. Nd2 Nb4 17. Bb3 d5 18. exd5 Nfxd5 19. Nxd5 Nxd5 20. Bxd5 cxd5 21.
c3 Bd7 22. Nb3 Bd6 23. g3 Qc4 24. Nd4 h5 25. Qe2 Re5 26. Qxc4 dxc4 27. Kg2 Rae8
28. Kf2 h4 29. Bd2 Rxe1 30. Bxe1 hxg3+ 31. hxg3 Bc5 32. Bd2 Re6 33. Be3 Rb6 34.
Nb5 Bxe3+ 35. Kxe3 Bxb5 36. axb5 Rxb5 37. Ra2 Rb3 38. Rxa5 Rxb2 39. Rc5 b5 40.
g4 Rh2 41. Rc7 Rc2 42. Kd4 Kg7 43. Rb7 Rd2+ 44. Ke4 Rd3 45. Rxb5 Rxc3 46. Rc5
Kf6 47. f4 Ke6 48. Rc6+ Kd7 49. Rf6 Ke7 50. Rc6 Rc1 51. Rc7+ Kf6 52. Rc6+ Ke7
53. g5 Kf8 54. f5 gxf5+ 55. Kxf5 Kg7 56. Ke4 c3 57. Kf3 c2 58. Kg2 Kf8 59. Rc7
 1/2-1/2